| 000 | 00000nam##2200000za#4500 |
| 001 | 9.590766 |
| 003 | CaOODSP |
| 005 | 20250403104941 |
| 007 | cr ||||||||||| |
| 008 | 150406|2001||||xxc|||||o f|0| 0 fre|d |
| 020 | |a0-660-96433-3 |
| 022 | |a1205-9161 |
| 040 | |aCaOODSP|bfre |
| 043 | |an-cn--- |
| 086 | 1 |aCS11-0019/157F-PDF |
| 245 | 00|aL'écart persistant : |h[ressource électronique]|bnouvelle évidence empirique concernant l'écart salarial entre les hommes et les femmes au Canada / |cpar Marie Drolet. |
| 260 | |aOttawa - Ontario : |bStatistique Canada |cJanvier 2001. |
| 300 | |a43p.|bréférences, tableaux |
| 490 | 1 |aDocuments de recherche - Direction des études analytiques|x1205-9161|vN° 157 |
| 500 | |aLe n° de catalogue (11F0019MPE) et l'ISSN (1200-5231) de l'édition imprimée ont été incorrectement copiés dans l'édition électronique. |
| 590 | |a12-34-Supp|b2012-07-31 |
| 710 | 2 |aStatistique Canada. |
| 720 | 1 |aDrolet, Marie |
| 775 | 08|tThe persistent gap : |w(CaOODSP)9.557511 |
| 776 | 0#|tL'écart persistant : |w(CaOODSP)9.625480 |
| 830 | #0|aDocuments de recherche (Statistique Canada. Direction des études analytiques)|x1205-9161|vN° 157|w(CaOODSP)9.500842 |
| 856 | 40|ahttp://publications.gc.ca|qPDF|s155 Ko|uhttps://publications.gc.ca/collections/collection_2012/statcan/11f0019m/11f0019m2001157-fra.pdf|yN° 157 |